000 00265nam a2200109Ia 4500
008 240625s9999 xx 000 0 und d
041 _aeng
082 _a808.20 BHA
100 _aBHALLA ABHISHEK
245 _aSTUDY ON THE TOP 5 NATIONAL TELECOM COMP
260 _c2013
999 _c36976
_d36976